00591nam a2200181 a 450000500170000000800410001702000180005805000250007610000180010124501030011926000270022230000210024950000510027052100080032165000220032965000420035170000160039320140310183353.0120914s19uu xx 00 eng d a9780857021632 aLC 4704b.Sp635 2012 aPeer, Lindsay aSpecial educational needs :ba guide for inclusive practice /cedited by Lindsay Peer, Gavin Reid. aLondon :bSAGE,c2012. a308 p. :c28 cm. aIncludes bibliographical references and index. aEDU aSpecial education aChildren with disabilitiesxEducation aReid, Gavin